[Event "4th G. Agzamov Mem"]
[Site "Tashkent UZB"]
[Date "2010.03.23"]
[Round "1"]
[White "Egin, V."]
[Black "Tokhirjanova, H."]
[Result "1/2-1/2"]
[WhiteElo "2410"]
[BlackElo "2119"]
[PlyCount "99"]
[EventDate "2010.03.23"]
[EventType "swiss"]
[EventRounds "9"]
[EventCountry "UZB"]
[Source "Mark Crowther"]
[SourceDate "2010.03.29"]

1. e4 c6 2. d4 d5 3. exd5 cxd5 4. c4 Nf6 5. Nc3 g6 6. cxd5 Nxd5 7. Qb3 Nb6 8.
Bb5+ Bd7 9. Nf3 Bg7 10. Ne5 O-O 11. Nxd7 N6xd7 12. O-O Nc6 13. Bxc6 bxc6 14.
Rd1 Nb6 15. Bg5 h6 16. Be3 Nd5 17. Rac1 Rb8 18. Qa3 Qd7 19. Na4 Rfd8 20. Qd3
Qd6 21. a3 Kh7 22. Qc4 Rdc8 23. b4 f5 24. Rd3 Rc7 25. Nc5 Rf8 26. Bd2 e6 27.
Re1 Re7 28. Bc1 e5 29. dxe5 Bxe5 30. g3 Rff7 31. Rdd1 f4 32. Nd3 fxg3 33. hxg3
Bxg3 34. Rxe7 Rxe7 35. Qg4 Be5 36. Nxe5 Qxe5 37. Kg2 Rf7 38. Rd4 Qe1 39. Bf4
Qc3 40. Bg3 Qxa3 41. b5 Qb2 42. Re4 Qxb5 43. Re6 Qd3 44. Kh2 Ne7 45. Kg1 a5 46.
Rd6 Qf5 47. Qc4 Rf6 48. Rd8 Rf8 49. Rd6 Rb8 50. Rd7 1/2-1/2

[Event "4th G. Agzamov Mem"]
[Site "Tashkent UZB"]
[Date "2010.03.23"]
[Round "1"]
[White "Zhigalko, S."]
[Black "Galyamov, V."]
[Result "1-0"]
[WhiteElo "2648"]
[BlackElo "2183"]
[PlyCount "67"]
[EventDate "2010.03.23"]
[EventType "swiss"]
[EventRounds "9"]
[EventCountry "UZB"]
[Source "Mark Crowther"]
[SourceDate "2010.03.29"]

1. e4 c5 2. Nf3 Nc6 3. Bb5 a6 4. Bxc6 dxc6 5. d3 Bg4 6. h3 Bxf3 7. Qxf3 e5 8.
Qg3 f6 9. a4 a5 10. Na3 Ne7 11. Nc4 b5 12. Na3 Qd7 13. Qg4 Qxg4 14. hxg4 Rb8
15. Bd2 b4 16. Nc4 Ra8 17. g5 Ng6 18. gxf6 gxf6 19. Rh5 Be7 20. Ke2 O-O 21.
Rah1 Rf7 22. g3 Nf8 23. f4 exf4 24. gxf4 Ne6 25. Be3 Rg7 26. Kf3 Kh8 27. R1h3
Kg8 28. Nd2 Bd6 29. Nb3 c4 30. dxc4 Bc7 31. Rh6 Rf7 32. Rg3+ Ng5+ 33. Kg2 Rg7
34. Rxf6 1-0

[Event "4th G. Agzamov Mem"]
[Site "Tashkent UZB"]
[Date "2010.03.23"]
[Round "1"]
[White "Shaymuratov, I."]
[Black "Mchedlishvili, M."]
[Result "0-1"]
[WhiteElo "2182"]
[BlackElo "2634"]
[PlyCount "80"]
[EventDate "2010.03.23"]
[EventType "swiss"]
[EventRounds "9"]
[EventCountry "UZB"]
[Source "Mark Crowther"]
[SourceDate "2010.03.29"]

1. e4 c5 2. Nf3 e6 3. c4 a6 4. Nc3 Qc7 5. Be2 Nf6 6. O-O Nc6 7. d4 cxd4 8. Nxd4
Bd6 9. Kh1 Bb4 10. f3 O-O 11. Be3 Bxc3 12. bxc3 d6 13. Rb1 Ne5 14. Qb3 Ned7 15.
Rfd1 b6 16. Nc2 Rb8 17. Qb4 Ne8 18. a4 a5 19. Qa3 Ba6 20. Qa2 Nef6 21. Nd4 Nc5
22. Rd2 Rfc8 23. Rbd1 h6 24. Qa3 Ncd7 25. Nb5 Bxb5 26. axb5 Ne8 27. Bf4 Qc5 28.
Bxd6 Nxd6 29. Qxc5 Nxc5 30. Rxd6 Kf8 31. Kg1 Ke7 32. Kf2 Rd8 33. R6d4 Nb3 34.
Rxd8 Rxd8 35. Rxd8 Kxd8 36. Ke3 Kc7 37. e5 a4 38. Bd1 Nc5 39. Kd2 a3 40. Kc2
Na4 0-1

[Event "4th G. Agzamov Mem"]
[Site "Tashkent UZB"]
[Date "2010.03.23"]
[Round "1"]
[White "Guseinov, G."]
[Black "Khailaev, M."]
[Result "1-0"]
[WhiteElo "2609"]
[BlackElo "2178"]
[PlyCount "73"]
[EventDate "2010.03.23"]
[EventType "swiss"]
[EventRounds "9"]
[EventCountry "UZB"]
[Source "Mark Crowther"]
[SourceDate "2010.03.29"]

1. e4 c5 2. Nf3 d6 3. d4 cxd4 4. Nxd4 Nf6 5. Nc3 a6 6. Bg5 e6 7. f4 Be7 8. Qf3
Qc7 9. O-O-O Nbd7 10. g4 O-O 11. Bg2 Re8 12. Rhf1 Nc5 13. Qg3 Rb8 14. Bh4 h6
15. g5 Nh5 16. Qg4 g6 17. gxh6 Bxh4 18. Qxh4 Qe7 19. Qf2 Bd7 20. f5 exf5 21.
exf5 Qe3+ 22. Qxe3 Rxe3 23. Bd5 g5 24. Rg1 Nf6 25. Rxg5+ Kf8 26. h7 Rh3 27. b4
Nxh7 28. Rg3 Rxg3 29. hxg3 Na4 30. Nxa4 Bxa4 31. Rh1 Kg7 32. Bxf7 Kxf7 33.
Rxh7+ Kf6 34. Kd2 b6 35. Ke3 Rc8 36. Kf4 Rc4 37. c3 1-0

[Event "4th G. Agzamov Mem"]
[Site "Tashkent UZB"]
[Date "2010.03.23"]
[Round "1"]
[White "Ulkhanov, A."]
[Black "Turov, M."]
[Result "0-1"]
[WhiteElo "2178"]
[BlackElo "2609"]
[PlyCount "106"]
[EventDate "2010.03.23"]
[EventType "swiss"]
[EventRounds "9"]
[EventCountry "UZB"]
[Source "Mark Crowther"]
[SourceDate "2010.03.29"]

1. e4 c6 2. d4 d5 3. Nc3 dxe4 4. Nxe4 Bf5 5. Ng3 Bg6 6. h4 h6 7. Nf3 Nf6 8. Bd3
Bxd3 9. Qxd3 e6 10. Bf4 Qa5+ 11. Bd2 Qc7 12. O-O-O Nbd7 13. Qe2 O-O-O 14. Ne5
Nb6 15. Ba5 Rd5 16. Bxb6 axb6 17. c4 Ra5 18. Kb1 h5 19. Ne4 Nxe4 20. Qxe4 Bd6
21. f4 g6 22. d5 exd5 23. cxd5 Bxe5 24. fxe5 Re8 25. Rhe1 cxd5 26. Rxd5 Kb8 27.
Qd4 Rxd5 28. Qxd5 Rd8 29. Qb3 Rd2 30. e6 fxe6 31. Rxe6 Qc5 32. a3 b5 33. g3
Qf5+ 34. Ka2 Rd3 35. Re8+ Ka7 36. Qg8 Rd1 37. Ra8+ Kb6 38. Rd8 Qb1+ 39. Kb3
Rd3+ 40. Rxd3 Qxd3+ 41. Ka2 Qxg3 42. Qd8+ Qc7 43. Qf6+ Qc6 44. Qd8+ Kc5 45.
Qf8+ Kd4 46. Qf4+ Kd3 47. Qf2 Ke4 48. Kb1 Ke5 49. Ka1 Ke6 50. Ka2 Qe4 51. Ka1
b4 52. Qb6+ Kf5 53. axb4 Qe1+ 0-1

[Event "4th G. Agzamov Mem"]
[Site "Tashkent UZB"]
[Date "2010.03.23"]
[Round "1"]
[White "Filippov, An UZB"]
[Black "Vakhidov, J."]
[Result "1-0"]
[WhiteElo "2598"]
[BlackElo "2177"]
[PlyCount "111"]
[EventDate "2010.03.23"]
[EventType "swiss"]
[EventRounds "9"]
[EventCountry "UZB"]
[Source "Mark Crowther"]
[SourceDate "2010.03.29"]

1. e4 c5 2. Nf3 d6 3. d4 cxd4 4. Nxd4 Nf6 5. Nc3 g6 6. Be3 Bg7 7. f3 Nc6 8. Qd2
O-O 9. O-O-O d5 10. h4 dxe4 11. h5 Nxd4 12. Bxd4 Nxh5 13. Qe3 Bxd4 14. Rxd4 Qc7
15. Nd5 Qe5 16. Bc4 Ng3 17. f4 Qg7 18. Nxe7+ Kh8 19. Rhd1 Nf5 20. Nxf5 Bxf5 21.
Bd5 Rab8 22. Bxe4 Rfe8 23. Qf3 Bxe4 24. Rxe4 Qf6 25. Rde1 Rxe4 26. Qxe4 Rd8 27.
g3 Qd6 28. Qe3 b6 29. Qc3+ Kg8 30. a4 Qd7 31. b3 Rc8 32. Qf6 Qc6 33. Qxc6 Rxc6
34. Kb2 a5 35. c4 h5 36. Kc3 Rf6 37. b4 h4 38. bxa5 bxa5 39. gxh4 Rxf4 40. c5
Kf8 41. h5 gxh5 42. Re5 Rf1 43. Kc4 f6 44. Re2 h4 45. Kb5 h3 46. c6 Rb1+ 47.
Kxa5 h2 48. Rxh2 Ke7 49. Rd2 f5 50. c7 Rc1 51. Kb6 Rb1+ 52. Kc6 Rc1+ 53. Kb7
Rb1+ 54. Kc8 Ra1 55. Rd4 Ra2 56. Rb4 1-0

[Event "4th G. Agzamov Mem"]
[Site "Tashkent UZB"]
[Date "2010.03.23"]
[Round "1"]
[White "Khamroev, R."]
[Black "Golod, V."]
[Result "0-1"]
[WhiteElo "2175"]
[BlackElo "2590"]
[PlyCount "70"]
[EventDate "2010.03.23"]
[EventType "swiss"]
[EventRounds "9"]
[EventCountry "UZB"]
[Source "Mark Crowther"]
[SourceDate "2010.03.29"]

1. e4 c5 2. Nf3 Nc6 3. d4 cxd4 4. Nxd4 Qb6 5. Nb3 Nf6 6. Nc3 e6 7. Qe2 Bb4 8.
Bd2 O-O 9. a3 Be7 10. e5 Ne8 11. O-O-O d5 12. exd6 Nxd6 13. Be3 Qc7 14. Bf4 a6
15. g3 b6 16. h4 Bb7 17. Bg2 Na5 18. Bxb7 Qxb7 19. h5 h6 20. Rhg1 Rfd8 21. g4
Nxb3+ 22. cxb3 Nb5 23. Nxb5 axb5 24. Kb1 Rd5 25. Rc1 Qd7 26. Rc7 Qd8 27. Rgc1
b4 28. axb4 Bxb4 29. R7c4 Bf8 30. Bc7 Qd7 31. Bxb6 Qb7 32. Rc6 Ra6 33. Qe3 Rb5
34. Rxe6 fxe6 35. Qxe6+ Qf7 0-1

[Event "4th G. Agzamov Mem"]
[Site "Tashkent UZB"]
[Date "2010.03.23"]
[Round "1"]
[White "Kotsur, P."]
[Black "Davletbakov, S."]
[Result "1-0"]
[WhiteElo "2565"]
[BlackElo "2174"]
[PlyCount "99"]
[EventDate "2010.03.23"]
[EventType "swiss"]
[EventRounds "9"]
[EventCountry "UZB"]
[Source "Mark Crowther"]
[SourceDate "2010.03.29"]

1. e4 c5 2. Nf3 d6 3. d4 cxd4 4. Nxd4 Nf6 5. f3 a6 6. c4 e6 7. Nc3 Qc7 8. Be3
Be7 9. Be2 O-O 10. O-O b6 11. Qd2 Bb7 12. Rfd1 Nbd7 13. Rac1 Rac8 14. Bf1 Qb8
15. Kh1 Bd8 16. Qf2 Bc7 17. Qg1 Kh8 18. b3 Rg8 19. Bd3 g5 20. Nde2 Rg7 21. Bd4
Rcg8 22. Bb1 Rg6 23. Qe1 Rh6 24. h3 Qf8 25. Kg1 Rhg6 26. Ng3 Ne5 27. Qf2 h5 28.
Nce2 Qh6 29. Bxb6 Bxb6 30. Qxb6 h4 31. Nf5 exf5 32. exf5 g4 33. fxg4 Rxg4 34.
hxg4 Rxg4 35. Qxb7 Qe3+ 36. Kf1 h3 37. Rc3 h2 38. Rxe3 h1=Q+ 39. Ng1 Rf4+ 40.
Ke2 Qh5+ 41. Nf3 Rg4 42. Rg1 Kg7 43. Kd2 Qh6 44. Rge1 Rxg2+ 45. Kc3 Rg3 46. Bd3
Nxf3 47. Rxf3 Rg2 48. Rfe3 Qg5 49. R1e2 Rg1 50. Re7 1-0

[Event "4th G. Agzamov Mem"]
[Site "Tashkent UZB"]
[Date "2010.03.23"]
[Round "1"]
[White "Megaranto, S."]
[Black "Artemenko, O."]
[Result "1/2-1/2"]
[WhiteElo "2534"]
[BlackElo "2159"]
[PlyCount "130"]
[EventDate "2010.03.23"]
[EventType "swiss"]
[EventRounds "9"]
[EventCountry "UZB"]
[Source "Mark Crowther"]
[SourceDate "2010.03.29"]

1. Nf3 d5 2. d4 Nf6 3. c4 dxc4 4. Qa4+ Nc6 5. e3 Nd7 6. Bxc4 Nb6 7. Qb3 Nxc4 8.
Qxc4 e6 9. O-O Bd6 10. e4 O-O 11. Bg5 Qe8 12. Nc3 e5 13. d5 Na5 14. Qb5 Qxb5
15. Nxb5 f6 16. Bd2 Nc4 17. b3 Nxd2 18. Nxd2 Bd7 19. Nxd6 cxd6 20. Rfc1 b5 21.
Rc7 Rfd8 22. Rac1 Kf8 23. Rb7 Ke8 24. Rcc7 a6 25. Kf1 Rac8 26. b4 Rxc7 27. Rxc7
Rc8 28. Rxc8+ Bxc8 29. Ke2 Ke7 30. Ke3 g6 31. f4 Bg4 32. h3 Bd7 33. Nf3 h6 34.
g4 Kf7 35. Ne1 Bc8 36. Nd3 Bd7 37. Kf3 Bc8 38. h4 h5 39. g5 Bg4+ 40. Ke3 exf4+
41. Kxf4 Be2 42. Nf2 Bc4 43. a3 Bf1 44. Nd1 Bd3 45. gxf6 Kxf6 46. Ne3 Bb1 47.
Ng2 Bc2 48. Ne1 Bd1 49. Nd3 Bb3 50. Nf2 Bc4 51. Nh3 Be2 52. Ng5 Bg4 53. Ke3 Bd7
54. Nf3 Bg4 55. Ng5 Bd7 56. Kf3 Bc8 57. Kg3 Bd7 58. Nf3 Bg4 59. Nh2 Bd1 60. Kf4
Be2 61. Ke3 Bd1 62. Kd2 Bg4 63. Kd3 Bd1 64. Kd4 Bg4 65. Ke3 Bd1 1/2-1/2

[Event "4th G. Agzamov Mem"]
[Site "Tashkent UZB"]
[Date "2010.03.23"]
[Round "1"]
[White "Lestari, B."]
[Black "Dzhumaev, M."]
[Result "1-0"]
[WhiteElo "2170"]
[BlackElo "2525"]
[PlyCount "77"]
[EventDate "2010.03.23"]
[EventType "swiss"]
[EventRounds "9"]
[EventCountry "UZB"]
[Source "Mark Crowther"]
[SourceDate "2010.03.29"]

1. e4 e6 2. d4 d5 3. e5 c5 4. c3 Qb6 5. Nf3 Bd7 6. Be2 Bb5 7. c4 Bxc4 8. Bxc4
dxc4 9. d5 Ne7 10. Nc3 Nd7 11. O-O h6 12. dxe6 fxe6 13. Qe2 Qa6 14. a4 Nf5 15.
Nb5 O-O-O 16. Qxc4 Kb8 17. Rd1 Be7 18. g4 Qc6 19. Qe2 Nh4 20. Nxh4 Bxh4 21. Rd6
Qc8 22. Rxe6 Rhf8 23. f4 c4 24. Nd6 Qc6 25. Qg2 Nxe5 26. fxe5 Rf3 27. Ra3 Qb6+
28. Kh1 Rxa3 29. bxa3 c3 30. Qe4 Rf8 31. Be3 Qb2 32. Re8+ Rxe8 33. Nxe8 c2 34.
Qc4 Bd8 35. e6 b5 36. Bf4+ Kb7 37. Nd6+ Kb6 38. Be3+ Ka5 39. axb5 1-0

[Event "4th G. Agzamov Mem"]
[Site "Tashkent UZB"]
[Date "2010.03.23"]
[Round "1"]
[White "Vakhidov, T."]
[Black "Gevorgyan, I."]
[Result "1/2-1/2"]
[WhiteElo "2516"]
[BlackElo "2153"]
[PlyCount "86"]
[EventDate "2010.03.23"]
[EventType "swiss"]
[EventRounds "9"]
[EventCountry "UZB"]
[Source "Mark Crowther"]
[SourceDate "2010.03.29"]

1. c4 e6 2. Nc3 d5 3. cxd5 exd5 4. d4 c6 5. Qc2 g6 6. Bf4 Bf5 7. Qd2 Bg7 8. e3
Nf6 9. Nge2 Nh5 10. h3 Nxf4 11. Nxf4 Nd7 12. Bd3 Bxd3 13. Nxd3 O-O 14. O-O Qe7
15. Rac1 Rfe8 16. a4 a5 17. Rb1 Nf6 18. b4 Ne4 19. Qc2 Nd6 20. b5 Nc4 21. Rb3
Bf8 22. Nb2 Nd6 23. bxc6 bxc6 24. Ne2 Rab8 25. Rc1 Qa7 26. Nf4 Rxb3 27. Qxb3
Rb8 28. Qc2 Rb6 29. Nfd3 Ne4 30. Nd1 Qb7 31. Nc3 Nf6 32. Rb1 Nd7 33. Rxb6 Qxb6
34. Na2 Bd6 35. g3 h5 36. Kg2 Kg7 37. Nac1 Nf6 38. Nb3 Ne4 39. Nbc5 Bxc5 40.
dxc5 Qb8 41. h4 Kh7 42. Kh2 Kg7 43. Kg2 Kh7 1/2-1/2

[Event "4th G. Agzamov Mem"]
[Site "Tashkent UZB"]
[Date "2010.03.23"]
[Round "1"]
[White "Khamrakulova, I."]
[Black "Iuldachev, S."]
[Result "0-1"]
[WhiteElo "2151"]
[BlackElo "2511"]
[PlyCount "84"]
[EventDate "2010.03.23"]
[EventType "swiss"]
[EventRounds "9"]
[EventCountry "UZB"]
[Source "Mark Crowther"]
[SourceDate "2010.03.29"]

1. e4 e5 2. Nf3 Nc6 3. Nc3 Nf6 4. d4 exd4 5. Nxd4 Bb4 6. Nxc6 bxc6 7. Bd3 d5 8.
exd5 cxd5 9. O-O O-O 10. Bg5 c6 11. Qf3 Re8 12. h3 h6 13. Bh4 Rb8 14. Na4 Bd6
15. Bg3 Bxg3 16. fxg3 Qd6 17. b3 Bd7 18. Qf2 d4 19. Qf4 Qe5 20. Rae1 Qxe1 21.
Rxe1 Rxe1+ 22. Kh2 Rbe8 23. Qxd4 h5 24. Nc3 a5 25. Qf2 Ra1 26. Be2 Bg4 27. Bd1
Bxd1 28. Qf1 Rd8 29. Qe1 Rc1 30. g4 hxg4 31. hxg4 Nxg4+ 32. Kg3 Nf6 33. Nxd1
Rdxd1 34. Qxa5 Rxc2 35. Qa8+ Kh7 36. Qc8 g6 37. Qf8 Rd7 38. a4 g5 39. Qb4 Rdd2
40. a5 Rxg2+ 41. Kh3 Rh2+ 42. Kg3 Rcg2+ 0-1

[Event "4th G. Agzamov Mem"]
[Site "Tashkent UZB"]
[Date "2010.03.23"]
[Round "1"]
[White "Khamrakulov, D."]
[Black "Ohunov, B."]
[Result "0-1"]
[WhiteElo "2509"]
[BlackElo "2150"]
[PlyCount "74"]
[EventDate "2010.03.23"]
[EventType "swiss"]
[EventRounds "9"]
[EventCountry "UZB"]
[Source "Mark Crowther"]
[SourceDate "2010.03.29"]

1. e4 e5 2. Nf3 Nf6 3. Nxe5 d6 4. Nf3 Nxe4 5. Nc3 Nxc3 6. dxc3 Be7 7. Be3 O-O
8. Qd2 Nd7 9. O-O-O c6 10. Nd4 Qa5 11. Kb1 Ne5 12. Bf4 Rd8 13. h4 c5 14. Nb3
Qc7 15. h5 Be6 16. Qe3 Bf8 17. Be2 f6 18. g4 Qf7 19. g5 fxg5 20. Bxg5 Re8 21.
Qg3 Bc4 22. Bxc4 Nxc4 23. Rh4 Re5 24. Nc1 Rae8 25. h6 g6 26. Nd3 Re4 27. b3
Rxh4 28. Qxh4 Ne5 29. f4 Nxd3 30. Rxd3 Re2 31. Qh1 b5 32. Qc6 Qe8 33. Qb7 a5
34. Rxd6 a4 35. Rd7 Re1+ 36. Kb2 Rb1+ 37. Ka3 b4+ 0-1

[Event "4th G. Agzamov Mem"]
[Site "Tashkent UZB"]
[Date "2010.03.23"]
[Round "1"]
[White "Nazarov, E."]
[Black "Ismagambetov, An"]
[Result "0-1"]
[WhiteElo "2146"]
[BlackElo "2508"]
[PlyCount "102"]
[EventDate "2010.03.23"]
[EventType "swiss"]
[EventRounds "9"]
[EventCountry "UZB"]
[Source "Mark Crowther"]
[SourceDate "2010.03.29"]

1. e4 c5 2. Nc3 e6 3. f4 d5 4. Nf3 Nc6 5. Bb5 Nf6 6. Bxc6+ bxc6 7. d3 Ba6 8.
Ne5 Qb6 9. Ng4 Be7 10. a4 O-O 11. a5 Qb7 12. e5 Nxg4 13. Qxg4 c4 14. d4 c5 15.
Ne2 f5 16. exf6 Bxf6 17. c3 cxd4 18. cxd4 Qb4+ 19. Bd2 Qxb2 20. Bc3 Qc2 21. O-O
Qf5 22. Qf3 Rab8 23. Qe3 Rfe8 24. Rad1 Rb3 25. Rd2 Bd8 26. Nc1 Rb1 27. h3 Bc7
28. Rdf2 g6 29. g4 Qf7 30. Qd2 Rbb8 31. Ne2 Bc8 32. Bb4 Bd7 33. Rf3 Qf6 34. Bc5
a6 35. Nc3 Qh4 36. Qg2 Rb3 37. Na2 Rxf3 38. Qxf3 Rb8 39. Bb6 Bxb6 40. axb6 Rxb6
41. g5 Rb3 42. Nc3 h6 43. Kh2 a5 44. f5 Qh5 45. Qg3 Qxg5 46. Qf2 Qxf5 47. Qg2
Qg5 48. Qf3 Qe7 49. Qg3 Be8 50. Rf3 Rb2+ 51. Kg1 Qg5 0-1

[Event "4th G. Agzamov Mem"]
[Site "Tashkent UZB"]
[Date "2010.03.23"]
[Round "1"]
[White "Yurtaev, L."]
[Black "Kholmatov, Y."]
[Result "1-0"]
[WhiteElo "2469"]
[BlackElo "2140"]
[PlyCount "63"]
[EventDate "2010.03.23"]
[EventType "swiss"]
[EventRounds "9"]
[EventCountry "UZB"]
[Source "Mark Crowther"]
[SourceDate "2010.03.29"]

1. d4 d5 2. c4 c6 3. Nf3 Nf6 4. Nc3 e6 5. Bg5 h6 6. Bxf6 Qxf6 7. e3 Nd7 8. Qc2
Qd8 9. O-O-O Be7 10. h4 Qa5 11. Kb1 Rb8 12. cxd5 cxd5 13. Rc1 a6 14. Bd3 b5 15.
g4 Bb7 16. g5 Rc8 17. Qd1 hxg5 18. hxg5 Rxh1 19. Qxh1 b4 20. Qh8+ Bf8 21. Ne2
Rxc1+ 22. Nxc1 Qc7 23. g6 f6 24. Qg8 Qd6 25. Ne2 Bc8 26. Nf4 Nb8 27. Bc2 Qe7
28. Nd2 Qd6 29. Nb3 e5 30. Nxd5 Nc6 31. Nc5 exd4 32. Ne4 1-0

[Event "4th G. Agzamov Mem"]
[Site "Tashkent UZB"]
[Date "2010.03.23"]
[Round "1"]
[White "Nodirjanova, N."]
[Black "Kvon, A."]
[Result "1-0"]
[WhiteElo "2138"]
[BlackElo "2455"]
[PlyCount "97"]
[EventDate "2010.03.23"]
[EventType "swiss"]
[EventRounds "9"]
[EventCountry "UZB"]
[Source "Mark Crowther"]
[SourceDate "2010.03.29"]

1. d4 Nf6 2. Nf3 g6 3. c4 Bg7 4. Nc3 O-O 5. e4 d6 6. Be2 Bg4 7. d5 c6 8. h3
Bxf3 9. Bxf3 Nbd7 10. Bf4 Qb6 11. Qd2 Qb4 12. Rc1 Qxc4 13. dxc6 Nc5 14. Be2 Qb4
15. cxb7 Rab8 16. f3 Rxb7 17. b3 Nh5 18. Nd5 Qxd2+ 19. Bxd2 e6 20. Ne3 Bd4 21.
Rc4 e5 22. Nf1 f5 23. b4 Nd7 24. g4 fxg4 25. hxg4 Nf4 26. Rc6 Nxe2 27. Kxe2 a5
28. a3 axb4 29. axb4 Nb6 30. Ne3 Rd8 31. Nd5 Nxd5 32. exd5 Rf7 33. Rh3 Kg7 34.
Bg5 Rdd7 35. Bh6+ Kf6 36. Kd3 g5 37. Rc8 Ra7 38. Rb8 Rfc7 39. Ke4 Rc3 40. Rf8+
Rf7 41. Rxf7+ Kxf7 42. Bxg5 Kg6 43. Bd2 Rc2 44. Kd3 Rb2 45. Rh6+ Kg7 46. Rxd6
Rb3+ 47. Ke2 Rb2 48. Rc6 Kf7 49. Rc7+ 1-0

[Event "4th G. Agzamov Mem"]
[Site "Tashkent UZB"]
[Date "2010.03.23"]
[Round "1"]
[White "Zhunussov, B."]
[Black "Tseshkovsky, V."]
[Result "0-1"]
[WhiteElo "2169"]
[BlackElo "2549"]
[PlyCount "102"]
[EventDate "2010.03.23"]
[EventType "swiss"]
[EventRounds "9"]
[EventCountry "UZB"]
[Source "Mark Crowther"]
[SourceDate "2010.03.29"]

1. d4 Nf6 2. c4 c5 3. d5 b5 4. Nd2 bxc4 5. e4 e6 6. Bxc4 exd5 7. exd5 d6 8. Ne2
Be7 9. O-O O-O 10. b3 Nbd7 11. Bb2 Rb8 12. Re1 Re8 13. Nf4 Nf8 14. Qe2 Bg4 15.
f3 Bd7 16. Qd3 Ng6 17. Nxg6 hxg6 18. Ne4 Nxe4 19. fxe4 Bf6 20. Bxf6 Qxf6 21.
Rf1 Qe5 22. Rae1 Re7 23. Re2 f6 24. Rfe1 Kf7 25. Re3 Rh8 26. g3 Qh5 27. Qe2 Bg4
28. Qf2 Re5 29. Be2 Rhe8 30. Bd3 R8e7 31. Qf4 g5 32. Qf2 Qh7 33. Qd2 Qh6 34.
Qf2 Bd7 35. Qd2 g4 36. Qf2 Kg8 37. R3e2 a5 38. Qf4 Qg5 39. Qxg5 Rxg5 40. Rf1
Re8 41. Rf4 Kf7 42. Kf2 Rge5 43. Ke1 Rb8 44. Kd2 Rb4 45. Kc3 Rd4 46. Rb2 Ke7
47. Rbf2 Kd8 48. a3 Kc7 49. Rb2 f5 50. exf5 Rdxd5 51. Bc4 Re3+ 0-1

[Event "4th G. Agzamov Mem"]
[Site "Tashkent UZB"]
[Date "2010.03.24"]
[Round "2"]
[White "Tiviakov, S."]
[Black "Agzamov, Vi"]
[Result "1-0"]
[WhiteElo "2653"]
[BlackElo "2270"]
[PlyCount "85"]
[EventDate "2010.03.23"]
[EventType "swiss"]
[EventRounds "9"]
[EventCountry "UZB"]
[Source "Mark Crowther"]
[SourceDate "2010.03.29"]

1. e4 e5 2. Bc4 Nf6 3. d3 Be7 4. Nf3 d6 5. c3 O-O 6. O-O c6 7. Bb3 Nbd7 8. Re1
Qc7 9. d4 c5 10. Bg5 c4 11. Bc2 Re8 12. a4 Nf8 13. Na3 Bg4 14. h3 Bh5 15. Bxf6
Bxf6 16. d5 Bxf3 17. Qxf3 Rec8 18. Bd1 Qa5 19. Be2 Qxa4 20. Nxc4 Qd7 21. Qe3
Qc7 22. Rxa7 Rab8 23. Qb6 Qxb6 24. Nxb6 Rc5 25. Rea1 Bd8 26. Nc4 Be7 27. Na5
Rc7 28. Ba6 Bd8 29. Rxb7 Ra8 30. Rxc7 Bxc7 31. Nc6 Nd7 32. b4 Kf8 33. Ra2 g6
34. Kf1 f5 35. exf5 gxf5 36. Bc4 Rxa2 37. Bxa2 Kf7 38. Ke2 Kf6 39. f3 h5 40. h4
Bb6 41. Na5 e4 42. fxe4 fxe4 43. Nc4 1-0

[Event "4th G. Agzamov Mem"]
[Site "Tashkent UZB"]
[Date "2010.03.24"]
[Round "2"]
[White "Akkozov, B."]
[Black "Zhigalko, S."]
[Result "1/2-1/2"]
[WhiteElo "2269"]
[BlackElo "2648"]
[PlyCount "92"]
[EventDate "2010.03.23"]
[EventType "swiss"]
[EventRounds "9"]
[EventCountry "UZB"]
[Source "Mark Crowther"]
[SourceDate "2010.03.29"]

1. d4 Nf6 2. Nf3 e6 3. c4 b6 4. g3 Ba6 5. Qc2 c5 6. d5 exd5 7. cxd5 Bb7 8. Nc3
Nxd5 9. Nxd5 Bxd5 10. Bg2 Be7 11. O-O Nc6 12. Rd1 Be6 13. Bf4 Rc8 14. Ne5 Nd4
15. Qd3 d6 16. Nf3 Bf6 17. Nxd4 cxd4 18. Qa3 O-O 19. Bxd6 Re8 20. Rd2 Qd7 21.
Rad1 Bg4 22. f3 Bf5 23. Bf4 Bc2 24. Rc1 Be7 25. Qa6 Ba4 26. Rxc8 Rxc8 27. Bh3
Qxh3 28. Qxa4 Qe6 29. Rc2 Rxc2 30. Qxc2 g5 31. Bb8 Bc5 32. Kg2 Qxa2 33. Qf5 h6
34. Qc8+ Kg7 35. Be5+ f6 36. Bxd4 Bxd4 37. Qd7+ Qf7 38. Qxd4 Qe6 39. e4 Kf7 40.
Qd8 Qc6 41. Qh8 Qb5 42. Qh7+ Ke6 43. Qg8+ Ke5 44. Qb8+ Ke6 45. Qg8+ Ke5 46.
Qb8+ Ke6 1/2-1/2

[Event "4th G. Agzamov Mem"]
[Site "Tashkent UZB"]
[Date "2010.03.24"]
[Round "2"]
[White "Mchedlishvili, M."]
[Black "Rustamov, Al"]
[Result "1-0"]
[WhiteElo "2634"]
[BlackElo "2264"]
[PlyCount "93"]
[EventDate "2010.03.23"]
[EventType "swiss"]
[EventRounds "9"]
[EventCountry "UZB"]
[Source "Mark Crowther"]
[SourceDate "2010.03.29"]

1. d4 Nf6 2. Nf3 g6 3. c4 Bg7 4. Nc3 O-O 5. e4 d6 6. Be2 e5 7. O-O Nc6 8. d5
Ne7 9. Ne1 Nd7 10. Nd3 f5 11. f3 Nf6 12. Bd2 f4 13. c5 g5 14. Rc1 Rf7 15. Nb5
Ng6 16. Ba5 b6 17. cxd6 bxa5 18. dxc7 Qf8 19. Nc5 a6 20. Ne6 Qe7 21. Nxg7 Kxg7
22. d6 Qe8 23. Na3 Be6 24. Nc4 Qb5 25. Qb3 Qc5+ 26. Kh1 Nd7 27. Qa4 Rff8 28.
Qxa5 Qd4 29. Qc3 Qa7 30. b4 h5 31. a4 g4 32. Na5 Nh4 33. Qe1 Ng6 34. Qf2 Qe3
35. Bc4 Bxc4 36. Nxc4 Qb3 37. a5 Qxb4 38. Nb6 Nxb6 39. axb6 Qxd6 40. b7 Rac8
41. bxc8=Q Rxc8 42. Qc2 Nf8 43. Rfd1 Qe7 44. Qc5 Kf6 45. Rd6+ Ne6 46. Qd5 gxf3
47. gxf3 1-0

[Event "4th G. Agzamov Mem"]
[Site "Tashkent UZB"]
[Date "2010.03.24"]
[Round "2"]
[White "Sydykov, A."]
[Black "Guseinov, G."]
[Result "0-1"]
[WhiteElo "2266"]
[BlackElo "2609"]
[PlyCount "104"]
[EventDate "2010.03.23"]
[EventType "swiss"]
[EventRounds "9"]
[EventCountry "UZB"]
[Source "Mark Crowther"]
[SourceDate "2010.03.29"]

1. d4 Nf6 2. c4 g6 3. Nc3 Bg7 4. e4 d6 5. Nf3 O-O 6. Be2 Bg4 7. Be3 Nfd7 8. Ng1
Bxe2 9. Ngxe2 c5 10. d5 a6 11. a4 Ne5 12. b3 Qa5 13. Bd2 Nd3+ 14. Kf1 Nd7 15.
Na2 Qc7 16. Bc3 N3e5 17. f4 Ng4 18. Qd3 Ngf6 19. Kf2 Rae8 20. Rhe1 e5 21. dxe6
Rxe6 22. Ng3 h5 23. Kg1 Qc6 24. Rad1 h4 25. f5 Ne5 26. Qc2 Re7 27. Nf1 h3 28.
Ng3 Rfe8 29. Bd2 hxg2 30. Kxg2 b5 31. cxb5 axb5 32. Bg5 b4 33. Rf1 Neg4 34.
Nxb4 Qb7 35. Nd5 Rxe4 36. Bxf6 Re2+ 37. Qxe2 Rxe2+ 38. Nxe2 Ne3+ 39. Kf2 Nxd5
40. Bxg7 Kxg7 41. Rd3 Nf6 42. fxg6 fxg6 43. Rg1 Ne4+ 44. Ke3 Qe7 45. Nf4 g5 46.
Kf3 Qe5 47. Rg4 Kh6 48. Kg2 Qb2+ 49. Kf3 gxf4 50. Rxf4 Ng5+ 51. Kg3 Qe5 52. Kg4
Qe2+ 0-1

[Event "4th G. Agzamov Mem"]
[Site "Tashkent UZB"]
[Date "2010.03.24"]
[Round "2"]
[White "Turov, M."]
[Black "Grebenschikov, V."]
[Result "1-0"]
[WhiteElo "2609"]
[BlackElo "2254"]
[PlyCount "69"]
[EventDate "2010.03.23"]
[EventType "swiss"]
[EventRounds "9"]
[EventCountry "UZB"]
[Source "Mark Crowther"]
[SourceDate "2010.03.29"]

1. d4 Nf6 2. c4 e6 3. Nc3 c5 4. d5 exd5 5. cxd5 d6 6. e4 g6 7. Bd3 Bg7 8. Nf3
O-O 9. h3 Re8 10. O-O a6 11. a4 Nbd7 12. Bf4 c4 13. Bc2 Nc5 14. Re1 Qb6 15. a5
Qxb2 16. Ra2 Qxc3 17. Bd2 Qb3 18. Bxb3 cxb3 19. Ra3 Bd7 20. Bc3 Rac8 21. Bd4
Nfxe4 22. Bxg7 Kxg7 23. Rxb3 Nxb3 24. Qxb3 Bb5 25. Qb2+ f6 26. Nd4 Re5 27. f4
Re7 28. Ne6+ Rxe6 29. dxe6 d5 30. Qd4 Bc6 31. g4 Re8 32. f5 Ng5 33. Qb6 Rc8 34.
Qb4 Re8 35. Rc1 1-0